| 000 | 00730nam a22002177a 4500 | ||
|---|---|---|---|
| 005 | 20140909114659.0 | ||
| 010 | _aENG-110784 | ||
| 020 |
_a9788175417281 _c180.00 |
||
| 035 | _aEN-94316 | ||
| 037 | _bDBAD/PUB | ||
| 082 | _a373.54 | ||
| 245 |
_aQuality in school education : _cedited by Sitansu S. Jena, Kuldeep Agarwal [and] Sukanta K. Mahapatra _bissues and concerns / |
||
| 260 |
_aDelhi _bShipra Publications _c2014 |
||
| 270 |
_aLG, 18-19, Pankaj Central Market, I.P. Ext., Patparganj _bDelhi _e110092 |
||
| 300 |
_aviii,202p. _c22cm(pbk) |
||
| 500 | _aIncludes index | ||
| 700 | _aJena, Sitansu S. | ||
| 700 | _aAgarwal, Kuldeep | ||
| 700 | _aMahapatra, Sukanta K. | ||
| 942 |
_2ddc _cEN _h373.54 _mQUA |
||
| 999 |
_c88353 _d88353 |
||